|
|
|
|
| LEADER |
01064nam a2200289 a 4500 |
| 001 |
27689 |
| 003 |
BD-DhAAL |
| 005 |
20131024112437.0 |
| 008 |
131023s2007 bg a b 000 0 eng |
| 010 |
|
|
|a 2008307113
|
| 020 |
|
|
|a 9844951887
|
| 040 |
|
|
|a DLC
|c DLC
|d BD-DhAAL
|
| 050 |
0 |
0 |
|a DS396.9.J43
|b B48 2007
|
| 082 |
|
|
|2 18
|a 301.4443095492
|
| 100 |
1 |
|
|a Beurden, Jos van.
|9 3436
|
| 245 |
1 |
0 |
|a Jhagrapur revisited /
|c Jos van Beurden.
|
| 250 |
|
|
|a 1st ed.
|
| 260 |
|
|
|a Dhaka :
|b Pearl Publications,
|c 2007.
|
| 300 |
|
|
|a 95 p. :
|b col. ill. ;
|c 22 cm.
|
| 504 |
|
|
|a Includes bibliographical references.
|
| 541 |
|
|
|e 27689
|
| 651 |
|
0 |
|a Jhagrapur (Bangladesh)
|x Description and travel.
|9 3437
|
| 651 |
|
0 |
|a Jhagrapur (Bangladesh)
|x Social conditions.
|9 3438
|
| 651 |
|
0 |
|a Jhagrapur (Bangladesh)
|x Economic conditions.
|9 3439
|
| 942 |
|
|
|2 ddc
|c BK
|
| 999 |
|
|
|c 14063
|d 14063
|
| 952 |
|
|
|0 0
|1 0
|2 ddc
|4 0
|6 301_444309549200000_BEU
|7 0
|9 23637
|a BRACUL
|b BRACUL
|c GEN
|d 2013-10-24
|e Pearl Publications
|g 70.00
|l 2
|m 28
|o 301.4443095492 BEU
|p 3010027689
|r 2016-11-19
|s 2016-04-03
|t 1
|w 2013-10-24
|y BK
|